Statistics for History by Picture - K

Click here to take the quiz!

General Stats

  • This quiz has been taken 11,610 times
    (11,567 since last reset)
  • The average score is 12 of 15

Answer Stats

Answer % Correct
John F. Kennedy
99%
Martin Luther King Jr
97%
Kilt
94%
Knight
93%
Kim Jong-il
93%
Korean War
91%
Khan
87%
Kodak
82%
Kaiser
76%
Kosovo
72%
Krakatoa
65%
Kremlin
65%
Henry Kissinger
57%
Kyoto
56%
{Khmer} Empire
52%

Score Distribution

Percentile by Number Answered

Percent of People with Each Score

Your Score History

You have not taken this quiz since the last reset